|
|
|
|
| LEADER |
00000nam a22000007a 4500 |
| 005 |
20120706142759.0 |
| 007 |
cr|||| |||| |
| 008 |
120706s20119999sp |||| s|||| 0|||a1spa d |
| 035 |
|
|
|a 6510
|
| 040 |
|
|
|a vLex
|
| 090 |
|
|
|c 3274
|d 3274
|
| 245 |
0 |
0 |
|a Sol Muntaǫla Abogados Newsletter
|h [Recurso electrn̤ico]
|
| 256 |
|
|
|a Servicio en ln̕ea
|
| 260 |
|
|
|a [Barcelona] :
|b Sol Muntaǫla Abogados Newsletter,
|c 2011 -
|
| 300 |
|
|
|a 1 recurso electrn̤ico
|
| 310 |
|
|
|a Indeterminada
|
| 362 |
|
|
|a Nm︢. 1 (2011) -
|
| 500 |
|
|
|a Boletn̕ de periodicidad anual sobre propiedad intelectual, con normativa y jurisprudencia espaǫla e internacional redactado por Sol Muntaǫla, uno de los bufetes de referencia en Espaą especializados en propiedad intelectual.
|
| 506 |
1 |
|
|a Contenido solo disponible en los productos indicados
|d vLex Global
|d vLex Global (Academic Edition, excluding Law Schools)
|d vLex Global (U.S. Academic Edition, Law Schools)
|d vLex Global (U.S. Academic Edition, excluding Law Schools)
|d vLex Global (Academic Edition, Law Schools)
|
| 650 |
0 |
4 |
|a Noticias
|
| 650 |
0 |
4 |
|a Derecho
|
| 740 |
0 |
|
|a vLex Revistas (Servicio en ln̕ea)
|
| 856 |
4 |
0 |
|u http://vlex.com/source/sol-munta-a-abogados-newsletter-6510
|z Acceso restringido
|
| 942 |
|
|
|c REV
|
| 999 |
0 |
|
|a News
|
| 999 |
0 |
|
|a Law
|